[Event "56.SMM Kaltern/Tramin - ASD Arci BZ"]
[Site "?"]
[Date "2024.11.09"]
[Round "1.3"]
[White "Perino, Alberto"]
[Black "Zucchelli, Massimo"]
[Result "0-1"]
[WhiteElo "1986"]
[BlackElo "2092"]
[PlyCount "86"]
[EventDate "2024.??.??"]

{[%evp 0,86,19,27,17,-9,-7,-27,-19,-6,18,-5,-4,5,9,-6,-6,-9,23,20,22,13,25,17,10,-6,35,-2,27,-6,-1,13,-27,-10,-27,-28,31,-20,-27,-27,1,7,48,46,45,36,36,-208,-215,-196,-192,-192,-192,-238,-227,-245,-214,-264,-229,-266,-254,-273,-243,-270,-280,-293,-284,-339,-325,-325,-325,-395,-262,-209,-217,-217,-217,-238,-238,-239,-236,-425,-467,-443,-460,-460,-445,-457,-463]} 1. Nf3 Nf6 2. g3 d5 3. Bg2 Bf5 4. O-O c6 5. c4 e6 6. Qb3 Qb6 7. d3 Nbd7 8. cxd5 cxd5 9. Qxb6 axb6 10. Nc3 Bc5 11. h3 h6 12. Re1 Bh7 13. Bf4 O-O 14. e4 dxe4 15. dxe4 Bb4 16. Nd2 Bxc3 17. bxc3 Nc5 18. Bd6 Rfd8 19. e5 Nfd7 20. Nb3 Ra7 21. Nxc5 bxc5 22. Red1 b6 23. Rd2 Nxe5 24. Re2 Rxd6 25. Rxe5 Ra3 26. Re2 Rxc3 27. a4 Rcd3 28. Rb2 Rd1+ 29. Rxd1 Rxd1+ 30. Kh2 Rb1 31. Rd2 Kf8 32. Rd8+ Ke7 33. Rb8 Rb4 34. Rb7+ Kf6 35. Bc6 Be4 36. Bxe4 Rxe4 37. Rxb6 Rxa4 38. Rc6 c4 39. Rc7 Ke5 40. Rxf7 c3 41. Rc7 Kd4 42. Rxg7 Rc4 43. Rd7+ Ke4 0-1

[Event "56.SMM Kaltern/Tramin - ASD Arci BZ"]
[Site "?"]
[Date "2024.11.09"]
[Round "1.4"]
[White "Maier, Fridolin"]
[Black "Zammarchi, Massimo"]
[Result "0-1"]
[WhiteElo "1909"]
[BlackElo "1976"]
[PlyCount "80"]
[EventDate "2024.11.11"]

{[%evp 0,80,14,30,24,36,18,-13,-23,-29,-13,-7,44,20,52,19,118,32,53,15,-8,-28,7,-3,-33,-79,-85,-80,-74,-68,-16,-1,-4,-44,-111,-130,12,-2,-2,-76,3,-8,24,-28,80,-108,92,87,120,82,210,205,235,184,166,168,168,175,218,234,270,276,268,267,293,226,289,259,317,298,288,293,293,293,252,238,257,103,113,102,103,-303,-303]} 1. e4 e5 2. Bc4 Nc6 3. f4 exf4 4. d4 Qh4+ 5. Kf1 g5 6. Nc3 Bg7 7. Nf3 Qh5 8. h4 h6 9. Nb5 Kd8 10. d5 Ne5 11. Be2 g4 12. Nfd4 d6 13. Bxf4 Nf6 14. Bd3 a6 15. Nc3 Re8 16. Nce2 Qg6 17. Ng3 Nh5 18. Nxh5 Qxh5 19. g3 Ng6 20. c3 Bd7 21. Kg2 Be5 22. Qd2 Bg7 23. Raf1 Ke7 24. Bg5+ f6 25. Nf5+ Bxf5 26. Rxf5 hxg5 27. hxg5 Qxh1+ 28. Kxh1 Rh8+ 29. Kg2 Ne5 30. Be2 Raf8 31. Qf4 Rhg8 32. b3 Bh8 33. Qe3 b6 34. gxf6+ Bxf6 35. Bxa6 Rh8 36. Be2 Rfg8 37. Qf2 Rg6 38. Rf4 Rgh6 39. Qg1 Bg5 40. Kf2 Rh1 0-1

[Event "56.SMM Kaltern/Tramin - ASD Arci BZ"]
[Site "?"]
[Date "2024.11.09"]
[Round "1.5"]
[White "Benevento, Alexander"]
[Black "Thaler, Elmar"]
[Result "0-1"]
[WhiteElo "1783"]
[BlackElo "1896"]
[PlyCount "50"]
[EventDate "2024.11.09"]
[SourceVersion "1"]
[SourceVersionDate "2018.12.21"]
[SourceQuality "1"]

{[%evp 0,0,0]} 1. d4 c6 2. e4 d5 3. Nd2 dxe4 4. Nxe4 Bf5 5. Ng3 Bg6 6. Nf3 e6 7. Ne5 Nd7 8. Nxg6 hxg6 9. Bd3 Ngf6 10. Qf3 Bd6 11. Bd2 Qb6 12. O-O-O Qxd4 13. Ne4 Ne5 14. Nxd6+ Qxd6 15. Qe2 Nxd3+ 16. cxd3 O-O-O 17. Be3 b6 18. d4 Rh5 19. Qf3 Qd5 20. Qe2 Qxa2 21. Qc2 Kb7 22. Kd2 Rb5 23. Ra1 Qxb2 24. Ra2 Qxc2+ 25. Kxc2 Nd5 0-1

[Event "56.SMM Kaltern/Tramin - ASD Arci BZ"]
[Site "?"]
[Date "2024.11.09"]
[Round "1.6"]
[White "Unterkofler, Alex"]
[Black "De Vita, Gianni"]
[Result "0-1"]
[WhiteElo "1878"]
[BlackElo "1950"]
[PlyCount "98"]
[EventDate "2024.??.??"]

{[%evp 0,98,16,28,97,16,46,5,41,5,5,-12,22,18,20,-5,8,-3,-23,-23,-11,-34,9,-64,18,-35,-25,-30,-30,-78,-58,-31,-31,-60,-57,-82,-22,-41,-44,-131,-124,-185,-126,-159,-133,-239,-161,-124,-25,-203,-4,-100,133,-59,10,10,76,-75,-94,-73,-70,-333,-117,-119,-81,-78,-64,-93,-101,-108,-59,-73,-82,-148,-43,-111,-109,-145,-132,-127,-157,-157,-157,-151,-168,-188,-163,-231,-244,-268,-243,-232,-259,-262,-259,-276,-285,-280,-280,-321,-359]} 1. e4 c5 2. d4 cxd4 3. Nf3 Nc6 4. c3 Nf6 5. e5 Nd5 6. cxd4 d6 7. Bc4 e6 8. Bxd5 exd5 9. O-O dxe5 10. Nxe5 Nxe5 11. Re1 Be7 12. dxe5 O-O 13. Nc3 d4 14. Ne4 Bf5 15. Bf4 Qd5 16. Qd3 Bg6 17. Rad1 Bb4 18. Re2 Rfd8 19. h4 Qxa2 20. Qg3 Kh8 21. Bg5 Rd7 22. Nf6 Rdd8 23. h5 Bf5 24. Qf4 Bb1 25. Rxd4 a5 26. Ng4 Rxd4 27. Qxd4 Qe6 28. Ne3 h6 29. Bf4 Rc8 30. Nd1 Bc5 31. Qd2 b6 32. Nc3 Bf5 33. Ne4 Bb4 34. Qd4 Bg4 35. f3 Bxh5 36. Kh2 Qc4 37. Qxc4 Rxc4 38. g4 Bg6 39. Kg3 Bxe4 40. Rxe4 Rxe4 41. fxe4 Bc5 42. g5 h5 43. Bd2 Kh7 44. Kf4 Bd4 45. b3 Kg6 46. Be1 Bb2 47. Bd2 Bd4 48. Be1 Bg1 49. Bd2 Bh2+ 0-1

[Event "56.SMM B Richter/Lask2-SSV Naturns"]
[Site "?"]
[Date "2024.11.09"]
[Round "1.2"]
[White "Pangrazzi, Marco"]
[Black "Nägele, Norbert"]
[Result "1-0"]
[WhiteElo "2169"]
[BlackElo "1887"]
[PlyCount "29"]
[EventDate "2024.??.??"]

{[%evp 0,29,34,26,97,74,81,37,73,68,82,69,62,42,6,-1,22,6,33,28,76,11,30,1,85,68,543,549,536,543,639,639]} 1. e4 g6 2. d4 Bg7 3. Be3 d6 4. Nc3 Nd7 5. Qd2 a6 6. O-O-O b5 7. f3 Bb7 8. g4 c6 9. Kb1 Qa5 10. Qd3 Nb6 11. b3 Qb4 12. Nge2 a5 13. a3 Qxa3 14. Bc1 Qb4 15. Na2 1-0

[Event "56.SMM B Richter/Lask2-SSV Naturns"]
[Site "?"]
[Date "2024.11.09"]
[Round "1.5"]
[White "Wielander, Wolfgang"]
[Black "Unterweger, Christian"]
[Result "1-0"]
[WhiteElo "1706"]
[BlackElo "1727"]
[PlyCount "147"]
[EventDate "2024.??.??"]

{[%evp 0,147,34,34,34,31,20,25,29,-32,-29,-57,-16,-33,29,43,23,38,9,26,61,60,64,74,92,55,67,32,49,32,83,87,96,81,154,123,125,125,125,111,139,146,157,137,224,260,244,175,222,200,257,238,301,330,709,237,287,251,399,197,200,45,40,93,771,831,829,813,830,839,863,416,416,416,427,212,214,206,205,209,219,217,217,210,211,210,210,210,219,228,224,234,230,225,240,242,240,218,221,221,221,231,273,300,387,357,374,463,477,374,367,430,435,473,710,790,850,553,876,555,744,788,1071,680,758,766,824,1052,1396,1008,1237,661,661,711,794,694,802,875,1101,1329,1607,1720,1499,1927,1651,1685,2391,2807,29864,29976]} 1. e4 e5 2. d4 exd4 3. Nf3 Nc6 4. c3 d5 5. e5 Bg4 6. Bb5 a6 7. Bxc6+ bxc6 8. cxd4 Ne7 9. h3 Bh5 10. O-O Qd7 11. Nc3 h6 12. Qd3 g5 13. Nh2 Bg6 14. Qd1 Ng8 15. Re1 Be7 16. Ng4 Kd8 17. e6 fxe6 18. Ne5 Qe8 19. Qa4 Bd6 20. Nxc6+ Kc8 21. Nxd5 Bf7 22. Bd2 Qd7 23. Nc3 Be8 24. d5 exd5 25. Rxe8+ Qxe8 26. Nxd5 Ne7 27. Ncxe7+ Bxe7 28. Qc4 Ra7 29. Rc1 Bd6 30. Be3 Rb7 31. Qxa6 Qb5 32. Nb6+ Qxb6 33. Bxb6 Kb8 34. Bd4 Rd8 35. Qc4 Rb4 36. Qc3 Rxd4 37. Qxd4 Bh2+ 38. Kxh2 Rxd4 39. Rc2 Rd6 40. f3 Kb7 41. g3 Rf6 42. Kg2 Kb6 43. h4 gxh4 44. gxh4 c5 45. Kg3 h5 46. Re2 Rf5 47. f4 Rd5 48. Kg2 Kb5 49. Kf2 Rd3 50. Kg2 Kb4 51. f5 Rd5 52. Rf2 Rd7 53. f6 Rf7 54. Rf4+ Kb5 55. Kf3 Kc6 56. Ke4 Kd6 57. Kf5 Rb7 58. b3 Ra7 59. Rf2 Kd7 60. Kg6 Ra6 61. Kxh5 Ke8 62. Kg6 Kf8 63. Rc2 Rc6 64. b4 c4 65. a4 c3 66. b5 Rc4 67. b6 Rg4+ 68. Kf5 Rxa4 69. Rxc3 Rb4 70. Rc8+ Kf7 71. Rc7+ Ke8 72. b7 Rb5+ 73. Kg6 Kd8 74. Rc8+ 1-0

[Event "56.SMM B ASD Arci BZ 3 - ASD Arci BZ 2"]
[Site "?"]
[Date "2024.11.09"]
[Round "1.2"]
[White "Addante, Francesco"]
[Black "Rinaldo, Gaetano"]
[Result "1-0"]
[WhiteElo "1805"]
[BlackElo "1791"]
[PlyCount "33"]
[EventDate "2024.??.??"]

{[%evp 0,33,33,20,30,-13,-16,-10,-6,-9,0,-9,9,0,20,41,43,27,27,19,42,37,18,41,149,142,152,142,297,286,286,278,449,451,457,457]} 1. Nf3 Nf6 2. g3 d5 3. Bg2 c5 4. O-O Nc6 5. d4 cxd4 6. Nxd4 Qb6 7. Nxc6 bxc6 8. c4 e6 9. Nc3 Be7 10. cxd5 cxd5 11. e4 Nxe4 12. Nxe4 dxe4 13. Bxe4 Bb7 14. Qa4+ Kf8 15. Be3 Qa6 16. Qxa6 Bxa6 17. Bxa8 1-0

[Event "56.SMM B ASD Arci BZ 3 - ASD Arci BZ 2"]
[Site "?"]
[Date "2024.11.10"]
[Round "1.5"]
[White "Feichter, Matthias"]
[Black "D'Ambrosio, Luca"]
[Result "0-1"]
[WhiteElo "1731"]
[BlackElo "1876"]
[PlyCount "58"]
[EventDate "2024.??.??"]

{[%evp 0,58,33,33,52,14,22,1,26,9,9,3,-5,-37,-27,-101,-109,-109,-33,-31,-32,-41,-39,-35,-51,-43,-50,-50,-49,-57,-61,-56,-24,-37,-24,-135,-135,-167,-165,-185,-165,-164,-169,-186,-176,-192,-189,-312,-284,-337,-265,-244,-219,-286,-282,-313,-313,-378,-282,-388,-313]} 1. e4 Nf6 2. Nc3 d5 3. e5 Nfd7 4. d4 c5 5. Be3 e6 6. Qg4 Nc6 7. O-O-O cxd4 8. Bxd4 Nxd4 9. Qxd4 a6 10. f4 Bc5 11. Qd3 b5 12. Nf3 Bb7 13. Kb1 Qc7 14. g4 Rc8 15. Bg2 Bb4 16. Ne2 Nc5 17. Qd4 Ne4 18. Rc1 Bc5 19. Qd3 Nf2 20. Qd2 Nxh1 21. Bxh1 Qb6 22. Qd3 b4 23. Ng3 Be3 24. Rd1 Bxf4 25. Nh5 Qe3 26. Nxf4 Qxf4 27. h3 O-O 28. h4 Qc4 29. Qd2 d4 0-1

[Event "56.SMM B  SC Taufers - Sparkasse Team"]
[Site "Sand in Taufers"]
[Date "2024.11.09"]
[Round "1.1"]
[White "Valente, Luca"]
[Black "Holzer, Philipp"]
[Result "0-1"]
[WhiteElo "1728"]
[BlackElo "1905"]
[PlyCount "115"]
[EventDate "2024.??.??"]

{[%evp 0,115,19,38,25,7,22,22,28,5,52,29,66,66,72,59,79,66,87,87,83,101,99,100,84,88,85,69,86,69,113,86,114,50,121,88,94,119,98,92,96,88,110,107,126,56,86,68,29,-11,66,40,66,50,76,52,69,59,81,81,82,36,67,65,80,93,105,-87,-26,-26,-7,-26,31,-89,-114,-102,-102,-148,-118,-99,-9,-173,-95,-192,-181,-190,-169,-210,-216,-227,-225,-272,-238,-270,-249,-249,-249,-311,-331,-412,-421,-603,-621,-612,-612,-620,-618,-943,-954,-1611,-1323,-29991,-29992,-29993,-29994,-29995,-29996,-29997]} 1. e4 e5 2. Nf3 Nc6 3. Bc4 Bc5 4. O-O d6 5. c3 Bb6 6. d4 Qe7 7. h3 h6 8. d5 Nd8 9. Bd3 Nf6 10. a4 a6 11. b4 O-O 12. Nbd2 Bd7 13. Nc4 Ba7 14. Ne3 Kh7 15. g4 g6 16. Kh2 Ng8 17. Ng2 c6 18. c4 Rc8 19. Be3 Bxe3 20. Nxe3 f6 21. Qe2 Nf7 22. h4 Qe8 23. Ng1 Ne7 24. Nh3 Kg7 25. Rg1 Rc7 26. a5 Qc8 27. Rg3 Rh8 28. Rag1 Qb8 29. h5 g5 30. Rb1 Qa7 31. Rgg1 Rhc8 32. Qd2 Nd8 33. Nf5+ Bxf5 34. gxf5 Kh7 35. Rg2 Qd4 36. Rd1 cxd5 37. cxd5 Rc3 38. Rg3 Rb3 39. Rc1 Qxb4 40. Qd1 Rcc3 41. Qd2 Rxc1 42. Qxc1 Qxa5 43. Qc2 Rc3 44. Qb2 b5 45. Ng1 Qa3 46. Qd2 Qc1 47. Qa2 Ra3 48. Qe2 Nb7 49. Kg2 Nc5 50. Bxb5 Rxg3+ 51. fxg3 axb5 52. Qxb5 Qd2+ 53. Kh3 Qf2 54. Ne2 Nxe4 55. Qd7 Qf1+ 56. Kh2 Qxe2+ 57. Kh3 g4+ 58. Kh4 {0-} 0-1

[Event "56.SMM B  SC Taufers - Sparkasse Team"]
[Site "?"]
[Date "2024.11.09"]
[Round "1.2"]
[White "Niederkofler, Andreas"]
[Black "Stivaletta, Andrea"]
[Result "0-1"]
[WhiteElo "1893"]
[BlackElo "1733"]
[PlyCount "96"]
[EventDate "2018.??.??"]

{[%evp 0,96,22,25,36,18,29,33,35,19,8,7,7,7,14,7,32,-12,9,-4,3,3,7,-6,31,11,11,11,0,-15,31,3,28,25,32,38,44,44,71,36,60,33,40,39,40,58,71,39,31,39,33,34,16,14,40,46,37,30,64,55,54,-4,52,12,19,0,-5,-5,-5,-5,-5,-5,-4,-3,0,0,0,0,0,0,0,0,16,34,29,27,33,14,121,0,204,330,330,599,827,412,1016,-442,-524]} 1. e4 e5 2. Nf3 Nc6 3. d4 exd4 4. Nxd4 Bc5 5. Be3 Qf6 6. c3 Nge7 7. Bc4 O-O 8. Nc2 Bxe3 9. Nxe3 d6 10. O-O Be6 11. Bb3 Na5 12. Na3 Nxb3 13. axb3 a6 14. b4 Bd7 15. Qd3 Bc6 16. f3 Qe5 17. Nac4 Qe6 18. Na5 Rfd8 19. Nxc6 Nxc6 20. Qd5 Qxd5 21. Nxd5 Rac8 22. c4 Kf8 23. b5 axb5 24. cxb5 Ne7 25. Nxe7 Kxe7 26. Ra7 b6 27. Rc1 Rd7 28. Rc6 f6 29. Kf2 Kd8 30. Ke3 d5 31. Ra3 dxe4 32. Kxe4 Rd2 33. Rd3+ Rxd3 34. Kxd3 Ra8 35. Rc2 Ra4 36. Kc3 Kd7 37. Rd2+ Ke6 38. b3 Ra8 39. Kc4 Ke7 40. f4 Rd8 41. Rxd8 Kxd8 42. Kd5 Kd7 43. f5 g6 44. g4 Ke7 45. fxg6 hxg6 46. h4 Kf7 47. h5 f5 48. gxf5 gxh5 0-1

[Event "56.SMM B Klausen-Ridnaun/Sterzing"]
[Site "?"]
[Date "2024.11.09"]
[Round "1.2"]
[White "Sigmund, Ingenuin"]
[Black "Keim, Simon"]
[Result "0-1"]
[WhiteElo "1708"]
[BlackElo "1869"]
[PlyCount "78"]
[EventDate "2024.11.09"]

{[%evp 0,78,19,-12,-27,-33,50,-8,-14,-10,69,6,26,21,19,3,67,35,29,24,30,24,26,26,38,17,18,-18,20,14,7,-2,-7,0,0,-18,-18,-108,-8,-164,-119,-283,-285,-568,-566,-585,-590,-613,-574,-615,-590,-606,-539,-539,-539,-546,-591,-591,-507,-500,-517,-550,-491,-491,-252,-307,-180,-204,-227,-212,-238,-361,-128,-200,-222,-231,-205,-240,-255,-272,-284]} 1. c4 {[%emt 0:00:00]} e5 2. Nc3 f5 3. g3 Nf6 4. Bg2 c6 5. e3 Bb4 6. Qc2 d5 7. cxd5 cxd5 8. Qb3 Bxc3 9. bxc3 O-O 10. Ne2 Nc6 11. O-O Rb8 12. a4 b6 13. Ba3 Na5 14. Qa2 Re8 15. d3 Ba6 16. Rfd1 Qd7 17. Bb4 Nc6 18. e4 Rbd8 19. Qb2 fxe4 20. c4 exd3 21. cxd5 Nxb4 22. Nc3 Nc2 23. Rab1 Nd4 24. Qa2 e4 25. a5 Ne2+ 26. Nxe2 dxe2 27. Rd4 bxa5 28. d6+ Kh8 29. Qxa5 Bd3 30. Re1 Re6 31. Bh3 Rde8 32. Rc1 Qb5 33. Qxb5 Bxb5 34. Bxe6 Rxe6 35. f4 h5 36. h3 e3 37. g4 hxg4 38. hxg4 Re4 39. Rxe4 Nxe4 0-1

[Event "56.SMM B Klausen-Ridnaun/Sterzing"]
[Site "?"]
[Date "2024.11.09"]
[Round "1.5"]
[White "Giorgione, Roberto"]
[Black "Senn, Stefan"]
[Result "1/2-1/2"]
[WhiteElo "1688"]
[BlackElo "1640"]
[PlyCount "35"]
[EventDate "2024.11.09"]

{[%evp 0,35,28,28,75,16,25,11,55,18,18,2,1,-4,-4,-4,25,14,46,54,52,39,28,32,32,30,21,4,13,6,14,6,9,4,10,-24,-21,-21]} 1. e4 {[%emt 0:00:00]} c6 {[%emt 0:00:00]} 2. c3 e5 3. Nf3 d6 4. Be2 Nf6 5. Qc2 Be6 6. d4 Nbd7 7. O-O h6 8. Rd1 Bg4 9. dxe5 Bxf3 10. exf6 Bxe2 11. Qxe2 Qxf6 12. Nd2 Be7 13. Nf3 O-O 14. Re1 Ne5 15. Nxe5 dxe5 16. b3 b6 17. Bb2 Rfd8 18. Rad1 1/2-1/2

[Event "56.SMM B Deutschnofen/Alp.2-Steinegg/Rk"]
[Site "?"]
[Date "2024.11.09"]
[Round "1.1"]
[White "Engl, Stefan"]
[Black "Hofer, Alois"]
[Result "1-0"]
[WhiteElo "2004"]
[BlackElo "1804"]
[PlyCount "73"]
[EventDate "2024.??.??"]
[SourceVersionDate "2024.11.17"]

{[%evp 0,73,19,28,85,44,73,76,73,51,59,42,40,25,47,27,39,40,40,14,49,39,56,56,77,54,61,61,79,51,54,60,93,60,135,121,162,128,167,165,172,151,168,116,156,155,183,120,192,84,156,156,315,298,337,322,351,345,348,312,321,294,304,94,6,34,471,471,471,443,471,294,516,627,559,680]} 1. e4 d6 2. d4 g6 3. Nc3 Bg7 4. f4 Bd7 5. Nf3 e6 6. Bd3 Ne7 7. O-O Nbc6 8. Be3 O-O 9. Bc4 Qc8 10. Qd2 Na5 11. Be2 b6 12. Rac1 f5 13. e5 d5 14. Nd1 a6 15. b3 Qd8 16. c4 c6 17. Bf2 Re8 18. Bh4 Nb7 19. Nb2 Qb8 20. Na4 Nc8 21. Rc2 Bf8 22. Bf6 Nd8 23. Qe1 Nf7 24. h4 c5 25. cxd5 Bxa4 26. dxe6 Rxe6 27. bxa4 Rxf6 28. exf6 Qxf4 29. Bc4 Ncd6 30. Bd5 Re8 31. Qxe8 Nxe8 32. Bxf7+ Kxf7 33. Ng5+ Qxg5 34. hxg5 cxd4 35. Rd1 a5 36. Rxd4 Bc5 37. Rxc5 1-0

[Event "56.SMM B Deutschnofen/Alp.2-Steinegg/Rk"]
[Site "?"]
[Date "2024.11.09"]
[Round "1.3"]
[White "Engl, Alexander"]
[Black "Kofler, Stefan"]
[Result "1-0"]
[WhiteElo "1906"]
[BlackElo "1553"]
[PlyCount "73"]
[EventDate "2024.11.09"]

{[%evp 0,73,26,-21,-21,-36,-33,-55,-31,-27,-21,-35,-22,-20,-16,-23,-24,-23,33,35,78,66,98,73,113,47,67,51,138,144,151,120,112,118,135,113,113,113,155,118,116,120,122,115,115,116,109,118,118,94,95,67,77,67,68,33,52,33,52,5,-31,-45,-48,-67,-44,-19,0,0,0,0,19,2,50,39,96,84]} 1. f4 d5 2. Nf3 Nf6 3. g3 Bg4 4. Ne5 Bf5 5. d3 Nc6 6. Nxc6 bxc6 7. Bg2 e6 8. c3 Rb8 9. Qa4 Rb5 10. Nd2 Bc5 11. Nf3 Ng4 12. d4 Bd6 13. Ne5 Bxe5 14. fxe5 O-O 15. O-O Qb8 16. b4 Qb6 17. Kh1 a5 18. a3 Qb7 19. Qd1 axb4 20. axb4 Ra8 21. Rxa8+ Qxa8 22. h3 Nh6 23. Bxh6 gxh6 24. Qc1 Qf8 25. Qa3 Rb8 26. Qa7 Qc8 27. Qc5 Qa6 28. Rf2 Rf8 29. e3 Qd3 30. Qxc6 Qxe3 31. Rf3 Qe1+ 32. Kh2 Be4 33. Rf1 Qd2 34. Rg1 Kh8 35. Qxc7 Qf2 36. Qe7 Kg8 37. Qf6 1-0